000 00477nam a22001697a 4500
005 20240806091138.0
008 240806b |||||||| |||| 00| 0 eng d
082 _a330.91
_bNAZ-W
100 _aNazir, Ahmad Khalid
245 _aWorld Economic and Commercial Geography/
_cProf, Nazir Ahmad Khalid
250 _a1st, ed.
260 _aLahore;
_bAzeem Academy;
_c2003
300 _ax, 426 p.:
_bill;
_c23 cm.
650 _aSocial Sciences/Economics
999 _c36289
_d36289